000 00638nam a2200241Ia 4500
005 20260430150204.0
008 008 250103s9999 xx 000 0 eng d
037 _aTheses
040 _aCRL
040 _beng
040 _ceng
041 _2eng
041 _aeng
084 _qCRL
100 _aKanwar Suhasini Au.; Ranganathan Namita Gu.
_91236737
245 0 _aTeachers' notions of quality in early childhood education
260 _c2021
300 _a265p.
650 _aEducation
700 _aUniversity of Delhi. Faculty of Education. Deptarment of Education
_91236734
942 _cTH
999 _c1849169
_d1849169